| 000 | 00678nam a2200229 a 4500 | ||
|---|---|---|---|
| 001 | 84396 | ||
| 003 | BD-RjUL | ||
| 005 | 20241201143652.0 | ||
| 008 | 241201s1913 enk 000 1 eng | ||
| 035 | _a(BD-RjUL)84396 | ||
| 040 |
_aDLC _cCarP _dDLC _dBD-RjUL _beng |
||
| 041 | _aeng | ||
| 082 |
_223 _a823 _bBEY 1913 |
||
| 100 | 1 |
_aBenda, Julien, _d1867-1956. _914489 |
|
| 245 | 1 | 4 |
_aThe yoke of pity : _b(L'ordination) / _cby Julien Benda; translated by Gilbert Cannan. |
| 260 |
_aLondon : _bFisher Unwin, _c1913 |
||
| 300 |
_a178 pages ; _c20 cm. |
||
| 650 | _aEnglish Fiction | ||
| 650 | _aRomans | ||
| 700 | 1 |
_aCannan, Gilbert, _d1884-1955. _etr. _914490 |
|
| 942 |
_2ddc _cBK |
||
| 999 |
_c84396 _d84396 |
||